00633nam a2200181Ia 4500008004100000020002400041040001900065041001200084082003000096100001500126245010800141260004100249300002600290504005000316650004400366651002400410700001700434131103s9999 xx 000 0 und d a8170993830cRs. 170 aLoreto College aEnglish a915.4163/SHAbLCLIB/42952 aSharma, N. aGeography and development of Hill Areas b a case study of Arunachal Pradesh cN.Sharma and S.P. Shukla aNew DelhibMittal Publicationsc1992 ax,154p, tables 23 cm. aIncludes bibliographical references and index aGeography - India, Arunachal Pradesh, aArunachal Pradesh  aShukla, S.P.